| 000 | 03362nam0a2200373 4500 | ||
|---|---|---|---|
| 001 | RU\NLR\BIBL_A\011974914 | ||
| 005 | 20191220154015.0 | ||
| 010 |
_a978-5-317-06065-7 _970 |
||
| 021 |
_aRU _bКН-П-19-015479 _9КН-П-19-1153 |
||
| 035 | _a(NLR Aleph) 011974914 | ||
| 035 | _a(RuMoRGB)009913114 | ||
| 090 |
_a11277300 _c11277300 |
||
| 100 | _a20190329d2019 k y0rusy50 ca | ||
| 101 | 0 |
_arus _deng |
|
| 102 | _aRU | ||
| 105 | _aa|||z|||100zy | ||
| 200 | 1 |
_aСтратегическое управление в сфере экономической безопасности: нерешенные проблемы _eсборник статей _e[по материалам симпозиума "Стратегическое управление в сфере экологической безопасности: обеспечение национальных интересов в условиях интеллектуализации экономики", проходившего в рамках одноименной VI международной научно-практической конференции, 24 мая 2018 г.] _fРоссийская академия народного хозяйства и государственной службы при Президенте Российской Федерации, Институт права и национальной безопасности _gпод редакцией доктора физ.-мат. наук, профессора С.Г. Харченко |
|
| 210 |
_aМосква _cМАКС Пресс _d2019 |
||
| 215 |
_a126, [1] с. _cил. _d22 |
||
| 300 | _aРез. англ. | ||
| 320 | _aБиблиогр. в конце ст. и в подстроч. примеч. | ||
| 606 | 1 |
_aЭкологическая безопасность _xУправление _jСборники _2nlr_sh1 _2nlr_sh2 _3RU\NLR\AUTH\661342116 |
|
| 686 | 1 | _aУ28(0)-21я43 | |
| 686 | 1 | _aУ28(2)-21я43 | |
| 702 | 1 |
_aХарченко _bС. Г. _cд-р физ.-мат. наук, канд. биол. наук _gСергей Григорьевич _3RU\NLR\AUTH\770252668 _4340 |
|
| 711 | 1 | 2 |
_a"Стратегическое управление в сфере национальной безопасности: обеспечение национальных интересов в условиях интеллектуализации экономики", международная научно-практическая конференция _d6 _f2018 _eМосква _3RU\NLR\AUTH\880498967 |
| 711 | 1 | 2 |
_a"Стратегическое управление в сфере экологической безопасности: обеспечение национальных интересов в условиях интеллектуализации экономики", симпозиум _f2018 _eМосква _3RU\NLR\AUTH\880498908 |
| 712 | 0 | 2 |
_aРоссийская академия народного хозяйства и государственной службы _bИнститут права и национальной безопасности _3RU\NLR\AUTH\880449979 _4570 |
| 942 | _cBOOK | ||
| 980 | _aNBR | ||
| 980 | _aNB | ||